Anna-daan, Food Charity in India (Record no. 80955)

MARC details
000 -LEADER
fixed length control field 02727namaa2200421uu 4500
001 - CONTROL NUMBER
control field doab133778
003 - CONTROL NUMBER IDENTIFIER
control field oapen
005 - DATE AND TIME OF LATEST TRANSACTION
control field 20260218110428.0
006 - FIXED-LENGTH DATA ELEMENTS--ADDITIONAL MATERIAL CHARACTERISTICS
fixed length control field m o d
007 - PHYSICAL DESCRIPTION FIXED FIELD--GENERAL INFORMATION
fixed length control field cr|mn|---annan
008 - FIXED-LENGTH DATA ELEMENTS--GENERAL INFORMATION
fixed length control field 240131s2024 xx |||||o ||| 0|eng d
020 ## - INTERNATIONAL STANDARD BOOK NUMBER
International Standard Book Number 9781000880465
020 ## - INTERNATIONAL STANDARD BOOK NUMBER
International Standard Book Number 9781000880519
020 ## - INTERNATIONAL STANDARD BOOK NUMBER
International Standard Book Number 9781003363996
020 ## - INTERNATIONAL STANDARD BOOK NUMBER
International Standard Book Number 9781003363996
020 ## - INTERNATIONAL STANDARD BOOK NUMBER
International Standard Book Number 9781032309248
024 7# - OTHER STANDARD IDENTIFIER
Standard number or code 10.4324/9781003363996
Source of number or code doi
040 ## - CATALOGING SOURCE
Original cataloging agency oapen
Transcribing agency oapen
Modifying agency
041 0# - LANGUAGE CODE
Language code of text/sound track or separate title eng
042 ## - AUTHENTICATION CODE
Authentication code dc
245 00 - TITLE STATEMENT
Title Anna-daan, Food Charity in India
Remainder of title Preaching and Practice
260 ## - PUBLICATION, DISTRIBUTION, ETC.
Place of publication, distribution, etc. Oxford
Name of publisher, distributor, etc. Taylor & Francis
Date of publication, distribution, etc. 2024
300 ## - PHYSICAL DESCRIPTION
Extent 1 online resource (688 p.)
336 ## - CONTENT TYPE
Content type term text
Content type code txt
Source rdacontent
337 ## - MEDIA TYPE
Media type term computer
Media type code c
Source rdamedia
338 ## - CARRIER TYPE
Carrier type term online resource
Carrier type code cr
Source rdacarrier
506 0# - RESTRICTIONS ON ACCESS NOTE
Standardized terminology for access restriction Unrestricted online access
Source of term star
520 ## - SUMMARY, ETC.
Summary, etc. Eating together unites people and has a significant impact on their physical, social, and emotional development. This book looks at practices and traditions of sharing food prevalent among major religious communities in India, including Hinduism, Buddhism, Jainism, Sikhism, Christianity, and Islam. Food insecurity is one of the major problems every country in the world is facing today because of increasing population, climate change, agrarian distress, wars and conflicts, and the COVID-19 pandemic. Including case studies from across India, this book examines the necessity and effectiveness of food-sharing practices in temples, mosques, and gurudwaras, among others. Emphasising the importance of these practices for the social and physical well-being of the most vulnerable sections of society, it showcases how traditional religious practices of food sharing have contributed to tackling hunger, especially during the COVID-19 pandemic. The volume also offers long-term solutions to address underlying issues which cause hunger and food insecurity. One of the first to study food sharing and alms-giving practices in India, this book will be an essential read for scholars and researchers of sociology, anthropology, food studies, religion, security studies, political economy, public policy, and South Asian history and culture.
540 ## - TERMS GOVERNING USE AND REPRODUCTION NOTE
Terms governing use and reproduction Creative Commons
-- https://creativecommons.org/licenses/by-nc-nd/4.0/
-- cc
Uniform Resource Identifier <a href="https://creativecommons.org/licenses/by-nc-nd/4.0/">https://creativecommons.org/licenses/by-nc-nd/4.0/</a>
546 ## - LANGUAGE NOTE
Language note English
720 1# - ADDED ENTRY--UNCONTROLLED NAME
Name Raju, K.V.
Relator code edt
720 1# - ADDED ENTRY--UNCONTROLLED NAME
Name Manasi, S.
Relator code edt
720 1# - ADDED ENTRY--UNCONTROLLED NAME
Name Manasi, S.
Relator code oth
720 1# - ADDED ENTRY--UNCONTROLLED NAME
Name Raju, K.V.
Relator code oth
793 0# -
-- DOAB Library.
856 ## - ELECTRONIC LOCATION AND ACCESS
Uniform Resource Identifier <a href="https://docs.google.com/spreadsheets/d/1yKIrdCPDAG_9c22mwoOIO2DOhtj65Wqa/edit?usp=sharing&ouid=106555315294820607512&rtpof=true&sd=true ">https://docs.google.com/spreadsheets/d/1yKIrdCPDAG_9c22mwoOIO2DOhtj65Wqa/edit?usp=sharing&ouid=106555315294820607512&rtpof=true&sd=true </a>
Link text List of Curated E-Books
942 ## - ADDED ENTRY ELEMENTS (KOHA)
Koha item type E-Book
Holdings
Withdrawn status Damaged status Not for loan Home library Current library Date acquired Total Checkouts Date last seen Price effective from Koha item type
      Directory of Open Access Books Directory of Open Access Books 12/09/2024   12/09/2024 12/09/2024 E-Book

University of Rizal System
Email us at univlibservices@urs.edu.ph

Visit our Website www.urs.edu.ph/library